00672nam a2200193 i 450000100060000000300090000600500170001500700030003200800410003510000270007624500850010325000150018826000370020330000330024070000370027385200310031099900170034195201200035831349ES-MaACL20230906154350.0t|030129s1976 sp ||||1| spa d1 aBaudez, Claude.92651910aAmérica Central / cClaude Baudez ; traducción de Dolores Sánchez de Aleu. a[1ª ed.]. aBarcelona : bJuventud, c[1976] a264 p., 68 lám. ; c24 cm.1 aSánchez Aleu, Dolores.9174488 aES-MaACLjA-7071 bR.96017 c31349d31349 00104070aATENEOMbATENEOMcSPP1d2008-01-17eSCl0oA-7071p1032396r2023-02-23 00:00:00w2023-02-23yMONOGRAFIA